00225nam a2200097Ia 4500008004100000082001700041100002000058245001700078260002000095600001200115241002s9999 xx 000 0 und d a954.0357 MAY aMayo, Katherhic 0aMother India aNew York:c1969 aHistory